[Event "POL-chT 1st League 2020"]
[Site "Ustron"]
[Date "2020.09.13"]
[Round "9.28"]
[White "Chyzy, Jakub"]
[Black "Godzwon, Iwo"]
[Result "1/2-1/2"]
[WhiteElo "2249"]
[BlackElo "2317"]
[Annotator "TA"]
[PlyCount "34"]
[EventDate "2020.09.05"]
[EventType "team-tourn"]
[EventCountry "POL"]
[SourceTitle "playchess.com"]
[Source "ChessBase"]
[SourceQuality "1"]

{[%evp 21,34,0,0,0,0,0,9,0,0,-14,-12,-16,-8,-20,0]} 1. e4 c5 2. Nf3 e6 3. d4 cxd4 4. Nxd4 Nc6 5. Nc3 a6 6. Nxc6 bxc6 7. Bd3 d5 8. O-O Nf6 9. Re1 Be7 10. e5 Nd7 11. Qg4 Kf8 {The position is equal.} 12. Qh5 {B46: Sicilian: Taimanov: 5 Nc3 a6.} Kg8 13. b3 c5 14. Na4 Bb7 15. c4 d4 $1 16. Bd2 {[#]} a5 $146 ({Predecessor:} 16... Qc7 17. Nb2 g6 18. Qh3 Nxe5 19. Bh6 Re8 20. f4 Nxd3 21. Nxd3 Bd6 22. Bg5 h5 {0-1 (42) Kantans,T (2510)-Neiksans,A (2573) Tallinn 2018}) 17. f4 g6 {An uneventful encounter.} 1/2-1/2

[Event "POL-chT 1st League 2020"]
[Site "Ustron"]
[Date "2020.09.13"]
[Round "9.29"]
[White "Kowalczyk, Pawel"]
[Black "Czernek, Tymon"]
[Result "0-1"]
[WhiteElo "2339"]
[BlackElo "2267"]
[Annotator "TA"]
[PlyCount "84"]
[EventDate "2020.09.05"]
[EventType "team-tourn"]
[EventCountry "POL"]
[SourceTitle "playchess.com"]
[Source "ChessBase"]
[SourceQuality "1"]

{[%evp 15,84,26,47,-21,-19,-9,3,-43,-47,-63,-46,-50,-44,-51,0,-46,-73,-197,-137,-129,-62,-44,-29,-109,-111,-179,-172,-172,-167,-171,-166,-154,-11,-173,-159,-156,-134,-131,-122,-166,-162,-197,-202,-223,-240,-480,-481,-477,-481,-479,-477,-462,-464,-547,-535,-552,-544,-551,-534,-545,-538,-601,-592,-637,-637,-634,-637,-630,-604,-593,-593]} 1. d4 Nf6 2. c4 g6 3. Nc3 Bg7 4. e4 d6 5. f3 O-O 6. Be3 Nc6 7. Qd2 a6 8. O-O-O Rb8 9. d5 {E83: King's Indian: Sämisch Panno (6...Nc6): Lines without either Nge2 or Qd2.} (9. Kb1 $14) 9... Ne5 $11 10. f4 Ned7 11. Ba7 {The position is equal.} Ra8 12. Bd4 c5 $1 {[%cal Rc5d4] [#]} 13. dxc6 $146 ({Predecessor:} 13. Be3 Ng4 14. Nf3 Nxe3 15. Qxe3 b5 16. e5 Nb6 17. cxb5 axb5 18. Bxb5 Bd7 19. Bd3 {0-1 (44) Houdart,D (1905)-Bosschem,E (1915) Gent 2000}) 13... bxc6 14. Nf3 c5 ({Better is} 14... Qa5 $1 $15) 15. Bf2 (15. Bxf6 $5 Nxf6 16. e5 $11) 15... Rb8 16. h3 {[#]} (16. Bd3 $17 {keeps fighting.}) 16... Qa5 (16... Nxe4 $1 $19 {[%mdl 512]} 17. Nxe4 Rxb2 18. Qxb2 Bxb2+ 19. Kxb2 Bb7) 17. e5 $17 Ne8 (17... Nh5 $17 {[%cal Rd6e5]} 18. Be2 (18. exd6 exd6 19. Ng5 Bb7 $17) 18... Bb7) 18. Bg3 $15 Nb6 19. Bd3 {[#]} (19. b3 $11) 19... Be6 $1 $17 20. b3 (20. Qe2 $17 {might work better.}) 20... Nxc4 $19 21. Bxc4 Bxc4 22. Nd5 Qa3+ 23. Qb2 Qxb2+ 24. Kxb2 Bxd5 $1 25. Rxd5 Nc7 26. Rd2 Ne6 27. Kc2 {[#]} c4 $1 {[%mdl 512]} 28. exd6 (28. bxc4 Rfc8) 28... exd6 29. bxc4 Rfc8 {Strongly threatening ...Rb2+.} 30. Rhd1 $2 (30. Rc1) 30... Rb2+ {Black is clearly winning.} (30... Rxc4+ $2 31. Kd3 $19) 31. Kd3 Nc5+ 32. Ke2 Re8+ 33. Kf1 {[#]} Ne4 $1 {[%csl LRd2,LRg3][%mdl 64] Double Attack} 34. Bh2 {intending Rxb2.} Nxd2+ 35. Rxd2 Rxd2 36. Nxd2 {[%mdl 4096] Endgame KRB-KBN} Bc3 37. Nf3 f5 38. Bg1 Re4 39. c5 dxc5 40. Bxc5 Rxf4 41. Ke2 Ra4 42. Kd3 Bg7 {Accuracy: White = 45%, Black = 88%.} 0-1

[Event "POL-chT 1st League 2020"]
[Site "Ustron"]
[Date "2020.09.13"]
[Round "9.30"]
[White "Wikar, Martyna"]
[Black "Starosta, Martyna"]
[Result "1/2-1/2"]
[WhiteElo "2045"]
[BlackElo "2038"]
[Annotator "TA"]
[PlyCount "20"]
[EventDate "2020.09.05"]
[EventType "team-tourn"]
[EventCountry "POL"]
[SourceTitle "playchess.com"]
[Source "ChessBase"]
[SourceQuality "1"]

{[%evp 9,20,16,15,12,17,22,21,23,59,24,31,16,29]} 1. e4 e5 2. Nf3 Nc6 3. Bc4 Nf6 4. d3 Bc5 5. O-O O-O 6. Bb3 {C50: Hungarian Defence and Giuoco Pianissimo.} a6 7. h3 Ba7 8. Re1 {[#]} Kh8 $146 ({Predecessor:} 8... Re8 9. c3 d5 10. Nbd2 Be6 11. Bc2 d4 12. Nh2 Qd7 13. Ndf3 h6 14. Nh4 Ne7 {1-0 (91) Nevednichy,V (2563)-Costachi,M (2382) Bazna 2014}) 9. Nbd2 d6 10. Nf1 h6 {Black got outplayed after the opening} 1/2-1/2